000 00318nam a22001337a 4500
008 171123b xxu||||| |||| 00| 0 eng d
020 _a0309048842
041 _aeng
080 _a612.39
100 _a10
101 _aNUT
245 _aOPPORTUNITIES IN THE NUTRITION AND FOOD SCIENCES
_cTHOMAS.P.R
942 _2udc
_cBK
999 _c38360
_d38360